Darí sa to, aj keď pomaly
Slovensko patrí medzi krajiny, ktoré v spotrebe mlieka a mliečnych výrobkoch ďaleko zaostávajú za odporúčanými normami a európskym priemerom. Podporiť a zvýšiť spotrebu slovenského mlieka a mliečných výrobkov sa rozhodli príslušné organizácie v tomto odvetví: Slovenský mliekarenský zväz a Slovenská...
Salvato in:
| Autore principale: | |
|---|---|
| Natura: | Capitolo di libro |
| Lingua: | slovacco |
| Soggetti: | |
| Tags: |
Nessun Tag, puoi essere il primo ad aggiungerne!!
|
MARC
| LEADER | 00000naa a2200000 4500 | ||
|---|---|---|---|
| 001 | 0246359 | ||
| 005 | 20180713094439.9 | ||
| 041 | 0 | |a slo | |
| 044 | |a SK | ||
| 245 | 1 | 0 | |a Darí sa to, aj keď pomaly |c Katarína Mikulcová |
| 520 | |a Slovensko patrí medzi krajiny, ktoré v spotrebe mlieka a mliečnych výrobkoch ďaleko zaostávajú za odporúčanými normami a európskym priemerom. Podporiť a zvýšiť spotrebu slovenského mlieka a mliečných výrobkov sa rozhodli príslušné organizácie v tomto odvetví: Slovenský mliekarenský zväz a Slovenská poľnohospodárska a potravinárska komora, ktoré založili Mliečny fond. Funguje od roku 2008 a a podarilo sa mu uskutočniť viaceré kampane na podporu pitia mlieka. Sú to kampane: Objav mlieko, Adoptuj kravičku a pod. | ||
| 610 | 2 | 0 | |a mlieko |
| 610 | 2 | 0 | |a Slovensko |
| 610 | 2 | 0 | |a spotreba potravín |
| 610 | 2 | 0 | |a priemysel mliekarský |
| 610 | 2 | 0 | |a podpora predaja |
| 100 | 1 | |a Mikulcová, Katarína | |